000 00727nam a2200193Ia 4500
008 250924t2016||||xx |||||||||||||| ||spa||
040 _agtgcusco
_bspa
_cgtgcusco
_dgtgcusco
041 _aspa
084 _aEPS544
100 _aAltán Reyes, Yeni Corina
_917120
245 0 _aInforme final EPS Aldea El Platanar, San José Pinula. Febrero2016-octubre 2016.
260 _aGuatemala :
_bUSAC,
_c2016
300 _a51 p. :
_bil. :
_c27 cm.
336 _atexto
_btxt
_2rdacontenido
337 _aSin mediación
_bn
_2rdamedio
338 _avolumen
_bnc
_2rdasoporte
502 _aEPS (Cirujano Dentista) -- Universidad de San Carlos de Guatemala, Facultad de Odontología. --
942 _aBiblioteca Facultad de Odontología
_cEPS
_kEPS544
999 _c8451
_d8451